000 00810nam a2200217 u 4500
005 20240524063655.0
008 190821s19962012 r 000 0 eng d
020 _a9789682991479
035 _aUPN01000232246
049 _aCG
050 4 _aLB1578.335 H6.3
_bH5.2 LL
245 0 0 _aHñahñu :
_blengua hñahñu : Hidalgo : tercero y cuarto grados : lecturas /
_cDonaciana Martín Contreras ... [et al.].
260 _aMéxico :
_bSEP, Comisión Nacional de Libros de Texto Gratuitos,
_c1996 (2012 impr.).
300 _a167 p. :
_bil. col.
650 4 _aCartilla hñahñu
_97969
650 4 _aIndígenas de México
_zHidalgo
_xLenguas
_925560
650 4 _aHñahñu
_xEstudio y enseñanza (Elemental)
_920468
700 1 _aMartín Contreras, Donaciana,
_ecoaut.
_929144
905 _aLibro
999 _c204341
_d204341